Christmas Quiz #easy - Statistics

General Stats
  • This quiz has been taken 149 times
  • The average score is 13 of 20
Answer Stats
Hint Answer % Correct
Whose birth is Christmas day a celebration of Jesus
100%
What colour is Santa's cloak usually depicted as Red
98%
Name one of the two other main colours that Santa has been depicted in not including Santa in any nationalities flag Green/Tan
85%
What is the name of the reindeer with a red nose Rudolph
81%
What decoration is typically placed on top of a Christmas tree Star/Angel
79%
Name one other reindeer in the rhyme Dasher, Dancer, Prancer, Vixen, Comet, Cupid, Donner, Blitzen
77%
What does Santa put in the stockings of naughty children Coal/Orange
74%
What bird native to north America is most commonly consumed on both thanksgiving and Christmas day turkey
74%
Most Streamed Christmas song All I want for Christmas is you
71%
Which Charles Dickens Novel was centred around three ghosts of Christmas A Christmas Carol
66%
Which animal in a pear tree was received by "my true love" in the song 12 days of christmas partridge
66%
What is the 26th of December more commonly known as in much of the British commonwealth Boxing day
65%
What is the Pagan festival around Christmas time that gives its name to a certain log Yule
64%
Which country did the tradition of Christmas trees originate from Germany
63%
What war had a truce on Christmas day, during which a football game was played WW1
62%
What carboard tube is pulled open often releasing a paper crown and a joke Cracker
50%
What is period preceding Christmas day in the Christian religion Advent
43%
What common Christmas pastry contains mincemeat Mince pie
41%
Which Annual African-American festival is celebrate around Christmas time Kwanza
31%
What is the highest grossing Christmas movie of all time The Grinch (2018)
30%
No matching quizzes found
Score Distribution
Percent of People with Each Score
Percentile by Number Answered
Your Score History
You have not taken this quiz